000 00230nam a22000857a 4500
008 160720b xxu||||| |||| 00| 0 eng d
100 _93086
_a Puri, S.K
245 _aScience and Technology
260 _aNew Delhi
_bJiwan Publication
_c2006
999 _c2648
_d2648